000 00806cam a22002657a 4500
999 _c16504
_d16504
001 15668843
003 OSt
005 20180326094030.0
008 090321s2009 enkae b 001 0 eng
010 _a 2009368293
015 _aGBA848578
020 _a9780854041121 (hbk.)
020 _a0854041125 (hbk.)
040 _aSEKU
050 0 0 _aTD 799.85
_b.E4
245 0 0 _aElectronic waste management /
_ceditors, R.E. Hester and R.M. Harrison.
260 _aCambridge, UK :
_bRSC Pub.,
_cc2009.
300 _a 263 p. :
_bill., plans ;
440 0 _aIssues in environmental science and technology ;
_v27
504 _aIncludes bibliographical references and index.
650 0 _aElectronic waste.
700 1 _aHester, R. E.
_q(Ronald E.)
700 1 _aHarrison, Roy M.,
_d1948-
942 _2lcc
_cGEN